000 00524nam a2200181 a 4500
001 000032697
005 20200930065801.0
008 100222s1909 dr 001 0 spa d
040 _aDO-SdBNP
_bspa
_cBNPHU
082 _axxxx
_bR426l
110 1 _aRepública Dominicana
_9447
240 1 3 _a[Leyes etc.]
245 1 0 _aLey de Registro de marcas de fabrica y de comercio.
250 _aed. Oficial
260 _aSanto Domingo :
_bImp. y Librería de J. R. Vda García,
_c1909.
300 _a11 p. ;
_c27 cm.
049 _aBNPD
999 _c32188
_d32188